The Prince's foundation for the built environment (Record no. 120881)

MARC details
000 -LEADER
fixed length control field 00978cad a22002055a 4500
001 - CONTROL NUMBER
control field L151377
008 - FIXED-LENGTH DATA ELEMENTS--GENERAL INFORMATION
fixed length control field 101028u2010 xxk f 000 0 eng d
035 ## - SYSTEM CONTROL NUMBER
System control number (Sirsi) u151377
041 0# - LANGUAGE CODE
Language code of text/sound track or separate title eng
050 04 - LIBRARY OF CONGRESS CALL NUMBER
Classification number 333.72 $2 18
110 2# - MAIN ENTRY--CORPORATE NAME
Corporate name or jurisdiction name as entry element Prince's Foundation
9 (RLIN) 4146
245 04 - TITLE STATEMENT
Title The Prince's foundation for the built environment
Medium [electronic resource]
260 ## - PUBLICATION, DISTRIBUTION, ETC.
Place of publication, distribution, etc. London
Name of publisher, distributor, etc. The Prince's Foundation for the Built Environment
Date of publication, distribution, etc. 2010
520 ## - SUMMARY, ETC.
Summary, etc. The Prince's Foundation for the Built Environment is a charity which exists to improve the quality of people's lives by teaching and practising timeless and ecological ways of planning, designing and building; the RICS is a partner organisation.
590 ## - LOCAL NOTE (RLIN)
Local note KA NTK
651 #4 - SUBJECT ADDED ENTRY--GEOGRAPHIC NAME
Geographic name United Kingdom
Chronological subdivision
690 ## - LOCAL SUBJECT ADDED ENTRY--TOPICAL TERM (OCLC, RLIN)
Topical term or geographic name as entry element ENVIRONMENTAL AND LAND CONSULTANCY-SUSTAINABILITY-SUSTAINABLE DEVELOPMENT
856 40 - ELECTRONIC LOCATION AND ACCESS
Uniform Resource Identifier <a href="https://www.princes-foundation.org/index.php?id=1">https://www.princes-foundation.org/index.php?id=1</a>
Public note View the website free of charge at www.princes-foundation.org
942 ## - ADDED ENTRY ELEMENTS (KOHA)
Suppress in OPAC 0
Holdings
Withdrawn status Lost status Source of classification or shelving scheme Damaged status Not for loan Home library Current library Shelving location Date acquired Total Checkouts Full call number Barcode Date last seen Copy number Price effective from Koha item type
    Dewey Decimal Classification     Virtual Virtual Online 28/10/2010   WEBSITE 151377-2001 06/08/2019 1 06/08/2019 Online material